|
|
|
|
| LEADER |
00000cam a2200000 7i4500 |
| 001 |
0000001257 |
| 005 |
20140330.0 |
| 020 |
0 |
0 |
|a 9250023243
|
| 090 |
0 |
0 |
|a FAO634.9025
|b WOR 1985
|
| 245 |
0 |
0 |
|a WORLD list of institutions engaged in forestry and forest products research .
|l Liste mondiale des institutions ... .
|l Lista mundial de instituciones ...
|
| 260 |
0 |
0 |
|a Rome :
|b Food and Agriculture Organization of the United Nations ,
|c 1985
|
| 300 |
|
|
|a v, 166 p. ;
|c 30 cm.
|
| 440 |
0 |
0 |
|a FAO forestry paper ; v. 62
|
| 650 |
0 |
0 |
|a Forest products
|x Research
|x Directories
|
| 650 |
0 |
0 |
|a Forests and forestry
|x Research
|x Directories
|
| 710 |
1 |
1 |
|a Food and Agriculture Organization of the United Nations (FAO)
|
| 998 |
|
|
|a JPSM
|
| 999 |
|
|
|a 0000002156
|b Monograph
|c Food and Agriculture Organization
|e Default branch
|